000 00488nam a2200145 4500
999 _c10612
_d10612
008 180907b ||||| |||| 00| 0 eng d
022 _a2094-8042
082 _aDPer 370.105 M72 Jan-Dec 2011 v59-60
100 _931035
_aRoyeca, Jon E.
245 _aSultan Kudarat:
_bthe hero of Mindanao/
_cJon E. Royeca.
260 _aPhilippines:
_bIn the Grade School, Inc.,
_cc2011.
300 _av60 n3, pages 112+:
_billustrations;
_c27cm.
650 0 _931036
_aShort stories.
942 _2ddc
_cPER